000 00574nam a2200241Ia 4500
005 20260320201218.0
008 008 262003s9999 xx 000 0 eng d
037 _aEBOOK
040 _aCRL
040 _beng
040 _cCRL
041 _2eng
041 _aeng
084 _qCRL
100 _aDocter
_91134496
245 0 _aCompTIA Cloud Essentials+ Study Guide: Exam CLO-002
260 _bIEEE
260 _c2020
856 _uhttps://ieeexplore.ieee.org/servlet/opac?bknumber=9820852
942 _cEBOOK
999 _c1719715
_d1719715